| 000 | 00663nam a2200253 a 4500 | ||
|---|---|---|---|
| 005 | 20200104041509.0 | ||
| 008 | 140220b1992 ck ||||| |||| 00| 0 spa d | ||
| 020 | _a8420007250 | ||
| 040 |
_aCO-BoIAVH _cCO-BoIAVH |
||
| 041 | _aspa | ||
| 044 | _ack | ||
| 082 |
_a660.6 _bL75b |
||
| 100 | _aLindsey, K. | ||
| 245 | _aBiotecnología vegetal agrícola | ||
| 260 |
_aZaragoza _bEditorial Acribia _c1992 |
||
| 300 | _a276 páginas | ||
| 650 | 1 | 4 | _aBiotecnología |
| 650 | 1 | 4 | _aGenética |
| 650 | 1 | 4 | _aVegetación |
| 650 | 1 | 4 | _aAgricultura |
| 650 | 1 | 4 | _aMultigenes |
| 700 | _aJones, M.G.K. | ||
| 942 |
_cLIBRO _2ddc |
||
| 999 |
_c339 _d339 |
||